000 01059cam a2200301 4500
008 040308n2004 000 0 eng u
020 _a0415933161
035 _a(Sirsi) u125362
041 _aeng
050 _a333.337
_c21
100 _aBlomley, Nicholas
245 _aUnsettling the city
_burban land and the politics of property
260 _aLondon
_bRoutledge
_c2004
300 _axxi, 207p.
_c23cm.
350 _a16.99
520 _aProvides an original analysis of urban property and its politics, in particular referring to Downtown Eastside, an inner city neighbourhood in Vancouver. Discusses property ownership and the ownership model, gentrification, the ethics of land and property, and postcolonial cities and displacement. Bibliography.
650 _aVANCOUVER
650 _aCANADA
650 _aGENTRIFICATION
650 _aPROPERTY OWNERSHIP
650 _aDISPLACEMENT
650 _aCITY PLANNING
650 _aLand use
_96251
650 _aURBAN LAND
650 _aURBAN PROPERTY
690 _aPROPERTY
942 _n0
999 _c103379
_d103379